Wszyskie rodzaje narzędzi w minecraft - Statystyki

Ogólne statystyki
  • Ten quiz został rozwiązany 123 razy
  • Średni wynik to 5 z 6
Statystyki odpowiedzi
Ilość
Użyć
Rodzaj % Poprawnych
250 Żelazne
98%
1561 Diamentowe
97%
59 Drewniane
97%
32 Złote
96%
132 Kamienne
83%
2031 Netherytowe
73%
Nie znaleziono quizów pasujących do podanych kryteriów
Rozkład punktacji
Procent ludzi z każdym wynikiem
Percentyl według liczby udzielonych odpowiedzi
Twoja historia wyników
Nie rozwiązałeś tego quizu